Last time a team drafted a WR in the first round - Statistics

General Stats
  • This quiz has been taken 16 times
  • The average score is 20 of 32
Answer Stats
Team Year WR % Correct
Cardinals 2024 Marvin Harrison Jr.
100%
Cowboys 2020 Ceedee Lamb
87%
Eagles 2021 Devonta Smith
87%
Giants 2024 Malik Nabers
87%
Saints 2022 Chris Olave
80%
Falcons 2022 Drake London
80%
Jets 2022 Garrett Wilson
80%
Bengals 2021 Ja'Marr Chase
80%
Dolphins 2021 Jaylen Waddle
80%
Buccaneers 2014 Mike Evans
80%
Chiefs 2024 Xavier Worthy
80%
Ravens 2023 Zay Flowers
80%
Lions 2022 Jameson Williams
73%
Vikings 2023 Jordan Addison
73%
Bears 2024 Rome Odunze
73%
Jaguars 2024 Brian Thomas Jr.
67%
Broncos 2020 Jerry Jeudy
67%
Chargers 2023 Quentin Johnston
67%
Seahawks 2023 Jaxson Smith-Njigba
60%
49ers 2024 Ricky Pearsall
60%
Panthers 2024 Xavier Legette
60%
Commanders 2022 Jahan Dotson
53%
Raiders 2020 Henry Ruggs
47%
Patriots 2019 N'Keal Harry
47%
Titans 2022 Treylon Burks
47%
Browns 2016 Corey Coleman
33%
Bills 2014 Sammy Watkins
33%
Steelers 2006 Santonio Holmes
27%
Rams 2013 Tavon Austin
27%
Texans 2016 Will Fuller
27%
Colts 2015 Phillip Dorsett
20%
Packers 2002 Javon Walker
13%
No matching quizzes found
Score Distribution
Percent of People with Each Score
Percentile by Number Answered
Your Score History
You have not taken this quiz